000 00498nam a2200181Ia 4500
003 OSt
005 20240416093120.0
008 210210b1943 xxu||||| |||| 00| 0 eng d
040 _cAL
041 _aKannada
082 _a853/15
100 _aAMARA VANI
_dಅಮರ ವಾಣಿ
_9156094
245 _aShivana solu: gita Nataka
_bಶಿವನ ಸೋಲು : ಗೀತಾ ನಾಟಕ
260 _aBengaluru
_b-
_c1943
690 _aKannada Drama
_9156097
906 _a019287
942 _2ddc
_cBK
999 _c143408
_d143408